[Event "GER-chT Lands U20"]
[Site "Hannover"]
[Date "2014.10.06"]
[Round "6.6"]
[White "Koehler, Inken"]
[Black "Preissler, Niklas"]
[Result "1/2-1/2"]
[WhiteElo "1718"]
[BlackElo "1776"]
[PlyCount "65"]
[EventDate "2014.10.03"]
[EventType "team-swiss"]
[EventRounds "7"]
[EventCountry "GER"]
[SourceTitle "CBM 162 Extra"]
[Source "ChessBase"]
[SourceDate "2014.10.17"]
[SourceVersion "1"]
[SourceVersionDate "2014.10.17"]
[SourceQuality "1"]
[WhiteTeam "Schleswig Holstein"]
[BlackTeam "Sachsen"]
[WhiteTeamCountry "GER"]
[BlackTeamCountry "GER"]

1. e4 c5 2. d4 cxd4 3. c3 Nf6 4. e5 Nd5 5. Nf3 Nc6 6. cxd4 d6 7. Bc4 Nb6 8. Bb3 dxe5 9. dxe5 Qxd1+ 10. Bxd1 Bg4 11. h3 Bh5 12. 0-0 e6 13. Bf4 Be7 14. Nbd2 Bg6 15. Be2 0-0 16. Nc4 Nxc4 17. Bxc4 Rac8 18. Rfd1 Rfd8 19. Bb3 h6 20. Rac1 Rxd1+ 21. Rxd1 Rd8 22. Rc1 Bb4 23. Ba4 Be4 24. a3 Ba5 25. b4 Bb6 26. Nd2 Bd5 27. Nb3 Nd4 28. Nxd4 Bxd4 29. Rc2 a6 30. Rd2 Bb6 31. Rc2 Bd4 32. Rd2 Bb6 33. Rc2 1/2-1/2

[Event "GER-chT Lands U20"]
[Site "Hannover"]
[Date "2014.10.05"]
[Round "4.6"]
[White "Preissler, Niklas"]
[Black "Gressmann, Hanna"]
[Result "1/2-1/2"]
[WhiteElo "1776"]
[BlackElo "1565"]
[PlyCount "76"]
[EventDate "2014.10.03"]
[EventType "team-swiss"]
[EventRounds "7"]
[EventCountry "GER"]
[SourceTitle "CBM 162 Extra"]
[Source "ChessBase"]
[SourceDate "2014.10.17"]
[SourceVersion "1"]
[SourceVersionDate "2014.10.17"]
[SourceQuality "1"]
[WhiteTeam "Sachsen"]
[BlackTeam "Berlin"]
[WhiteTeamCountry "GER"]
[BlackTeamCountry "GER"]

1. d4 d5 2. Bf4 e6 3. e3 f5 4. Nf3 Nf6 5. Bd3 Be7 6. Nbd2 Nbd7 7. h3 Ne4 8. Ne5 0-0 9. c4 c6 10. 0-0 Ndf6 11. Ndf3 Qe8 12. Rc1 Nh5 13. Bh2 g5 14. a3 Nhf6 15. b4 Qh5 16. Nd2 Qh6 17. c5 Nd7 18. b5 Nxe5 19. Bxe5 Bd7 20. a4 Qg6 21. Bh2 Qe8 22. bxc6 Bxc6 23. a5 a6 24. Nxe4 fxe4 25. Be2 Bf6 26. Bd6 Be7 27. Be5 Bf6 28. Bd6 Be7 29. Bxe7 Qxe7 30. Qb3 e5 31. dxe5 Qxe5 32. Qc3 Qxc3 33. Rxc3 Rf6 34. Rfc1 Raf8 35. Rf1 Rd8 36. Rd1 Rdf8 37. Rf1 Rd8 38. Rd1 Rdf8 1/2-1/2

[Event "GER-chT Lands U20"]
[Site "Hannover"]
[Date "2014.10.04"]
[Round "3.6"]
[White "Krastev, Alexander"]
[Black "Preissler, Niklas"]
[Result "1-0"]
[WhiteElo "1749"]
[BlackElo "1776"]
[PlyCount "51"]
[EventDate "2014.10.03"]
[EventType "team-swiss"]
[EventRounds "7"]
[EventCountry "GER"]
[SourceTitle "CBM 162 Extra"]
[Source "ChessBase"]
[SourceDate "2014.10.17"]
[SourceVersion "1"]
[SourceVersionDate "2014.10.17"]
[SourceQuality "1"]
[WhiteTeam "Hessen II"]
[BlackTeam "Sachsen"]
[WhiteTeamCountry "GER"]
[BlackTeamCountry "GER"]

1. e4 b6 2. d4 Bb7 3. Bd3 e6 4. Nf3 c5 5. c3 cxd4 6. cxd4 Bb4+ 7. Nbd2 Ne7 8. 0-0 Bxd2 9. Bxd2 d5 10. e5 0-0 11. Rc1 Nbc6 12. Bxh7+ Kxh7 13. Ng5+ Kg6 14. Qg4 f5 15. exf6 gxf6 16. Nxe6+ Kf7 17. Nxd8+ Raxd8 18. Qh5+ Kg8 19. Rc3 Rf7 20. Bh6 Rh7 21. Rg3+ Kh8 22. Bg7+ Kg8 23. Bxf6+ Kf8 24. Qxh7 Ke8 25. Re1 Kd7 26. Rxe7+ 1-0

[Event "GER-ch U12"]
[Site "Magdeburg"]
[Date "2014.06.11"]
[Round "6"]
[White "Biastoch, Bennet"]
[Black "Preissler, Niklas"]
[Result "1-0"]
[WhiteElo "1774"]
[BlackElo "1812"]
[PlyCount "87"]
[EventDate "2014.06.08"]
[EventType "swiss"]
[EventRounds "11"]
[EventCountry "GER"]
[SourceTitle "CBM 160 Extra"]
[Source "ChessBase"]
[SourceDate "2014.07.01"]
[SourceVersion "1"]
[SourceVersionDate "2014.07.01"]
[SourceQuality "1"]

1. e4 c5 2. Nf3 d6 3. d4 cxd4 4. Nxd4 Nf6 5. Nc3 a6 6. f3 e5 7. Nb3 Be7 8. Be3 Be6 9. Qd2 0-0 10. 0-0-0 a5 11. Qe1 Qc8 12. Bb5 Na6 13. a4 Nb4 14. g4 d5 15. exd5 Nfxd5 16. Bd3 Nxd3+ 17. Rxd3 Nb4 18. Rd2 b5 19. Kb1 bxa4 20. Nxa4 Qc6 21. Nbc5 Bd5 22. Qf2 Bxc5 23. Nxc5 a4 24. c3 Na6 25. Nxa6 Rxa6 26. Bc5 Re8 27. Re1 Bxf3 28. Rd6 Be4+ 29. Kc1 Qb7 30. Rxa6 Qxa6 31. Rxe4 Qc6 32. Re2 e4 33. Qd4 Qh6+ 34. Kc2 Qg6 35. Qxa4 e3+ 36. Kc1 Rd8 37. Rxe3 Qh6 38. Bd4 Kf8 39. Qb4+ Kg8 40. Qe7 Ra8 41. g5 Qc6 42. Qe5 Qh1+ 43. Kd2 Qg2+ 44. Re2 1-0

[Event "Sachsen-ch U12"]
[Site "Sebnitz"]
[Date "2013.04.06"]
[Round "7"]
[White "Preissler, Niklas"]
[Black "Knuepfer, Tim"]
[Result "1/2-1/2"]
[WhiteElo "1510"]
[BlackElo "1474"]
[PlyCount "39"]
[EventDate "2013.04.02"]
[EventType "swiss"]
[EventRounds "7"]
[EventCountry "GER"]
[SourceTitle "EXT 2014"]
[Source "ChessBase"]
[SourceDate "2013.11.20"]
[SourceVersion "1"]
[SourceVersionDate "2013.11.20"]
[SourceQuality "1"]

1. d4 Nf6 2. Nf3 e6 3. Bg5 Be7 4. e3 d6 5. Bd3 Nbd7 6. Nbd2 b6 7. c3 Bb7 8. 0-0 c5 9. Rc1 a6 10. Qe2 b5 11. e4 0-0 12. Rfd1 Re8 13. Bc2 Qc7 14. e5 dxe5 15. dxe5 Nh5 16. Bxe7 Rxe7 17. Qe3 f6 18. exf6 Nhxf6 19. Ng5 Nf8 20. Qh3 1/2-1/2

[Event "Sachsen-ch U10"]
[Site "Sebnitz"]
[Date "2012.04.10"]
[Round "1"]
[White "Preissler, Niklas"]
[Black "Eidam, Moritz"]
[Result "1-0"]
[WhiteElo "1366"]
[BlackElo "1142"]
[PlyCount "57"]
[EventDate "2012.04.10"]
[EventType "swiss"]
[EventRounds "7"]
[EventCountry "GER"]
[SourceTitle "CBM 148 Extra"]
[Source "ChessBase"]
[SourceDate "2012.06.22"]
[SourceVersion "1"]
[SourceVersionDate "2012.06.22"]
[SourceQuality "1"]

1. d4 d5 2. c4 e6 3. Nc3 Nf6 4. e3 Nc6 5. Nf3 Bb4 6. Bd2 0-0 7. Bd3 Bd7 8. 0-0 Qe7 9. a3 dxc4 10. Bxc4 Bd6 11. e4 e5 12. d5 Na5 13. Bd3 b6 14. Ba6 Rab8 15. b4 Nb7 16. Qe2 c5 17. b5 Rfc8 18. Na2 Rc7 19. Rac1 h6 20. h3 Kh8 21. Rfe1 Qe8 22. Rc2 Be7 23. Nxe5 Nd6 24. Nxd7 Nxd7 25. e5 Nc8 26. d6 Bxd6 27. exd6 Qxe2 28. Rxe2 Nxd6 29. Bf4 1-0

[Event "Sachsen-ch U10"]
[Site "Sebnitz"]
[Date "2011.04.26"]
[Round "1"]
[White "Preissler, Niklas"]
[Black "Voelker, Georg"]
[Result "0-1"]
[WhiteElo "1259"]
[BlackElo "1062"]
[PlyCount "72"]
[EventDate "2011.04.26"]
[EventType "swiss"]
[EventRounds "7"]
[EventCountry "GER"]
[SourceTitle "EXT 2012"]
[Source "ChessBase"]
[SourceDate "2011.11.24"]
[SourceVersion "1"]
[SourceVersionDate "2011.11.24"]
[SourceQuality "1"]

1. c4 c5 2. Nc3 d6 3. g3 Nf6 4. Bg2 g6 5. Nf3 Bg7 6. e3 0-0 7. d4 cxd4 8. exd4 Bg4 9. 0-0 Nc6 10. d5 Ne5 11. Bf4 Nh5 12. Bxe5 Bxe5 13. h3 Bxf3 14. Qxf3 Qd7 15. Rfe1 Rac8 16. Qe2 a6 17. Kh2 Qf5 18. Bf3 Qg5 19. Bg4 f5 20. f4 Bxf4 21. gxf4 Qxf4+ 22. Kg1 Rxc4 23. Bxh5 gxh5 24. Qg2+ Kh8 25. Rxe7 Rg8 26. Re8 Rxe8 27. Ne2 Qe5 28. Ng3 Rg8 29. Kh2 h4 30. Qe2 Qxe2+ 31. Nxe2 Rc2 32. Re1 Re8 33. Kg1 Rexe2 34. Rf1 Rg2+ 35. Kh1 Rh2+ 36. Kg1 Rcg2# 0-1